[Event "Chess Olympiad 2008"]
[Site "Dresden"]
[Date "2008.11.16"]
[Round "4.7"]
[White "Esquivel De Leon, Aurora"]
[Black "Nemcova, Katerina"]
[Result "1-0"]
[WhiteElo "2037"]
[BlackElo "2369"]
[PlyCount "85"]
[EventDate "2008.??.??"]
[WhiteTeam "Mexiko"]
[BlackTeam "Èeská republika"]
[WhiteTeamCountry "MEX"]
[BlackTeamCountry "CZE"]

1. Nf3 Nf6 2. c4 g6 3. g3 Bg7 4. Bg2 O-O 5. O-O d6 6. Nc3 Nc6 7. d3 e5 8. Rb1
h6 9. b4 Be6 10. b5 Ne7 11. Qb3 Qc8 12. a4 Bh3 13. a5 Bxg2 14. Kxg2 Qe6 15. e4
c6 16. Be3 Nd7 17. bxc6 bxc6 18. Qa2 f5 19. Rfe1 Rf7 20. Ng1 f4 21. Bc1 Raf8
22. f3 fxg3 23. hxg3 g5 24. Be3 a6 25. Rb7 Ng6 26. c5 Qf6 27. Rxd7 g4 28. Rxf7
Rxf7 29. fxg4 Nf4+ 30. Bxf4 exf4 31. e5 f3+ 32. Kf2 Qg6 33. cxd6 Qxd3 34. Re3
Qxe3+ 35. Kxe3 f2 36. Qxf2 Rxf2 37. Kxf2 Bxe5 38. Ne4 Kf7 39. Nf3 Bb2 40. Ke3
Ke6 41. Nd4+ Kd7 42. Nf5 Bc1+ 43. Kd3 1-0

[Event "Chess Olympiad 2008"]
[Site "Dresden"]
[Date "2008.11.16"]
[Round "4.7"]
[White "Pertlova, Sona"]
[Black "Real Pereyra, Diana Karime"]
[Result "1-0"]
[WhiteElo "2239"]
[BlackElo "1766"]
[PlyCount "75"]
[EventDate "2008.??.??"]
[WhiteTeam "Èeská republika"]
[BlackTeam "Mexiko"]
[WhiteTeamCountry "CZE"]
[BlackTeamCountry "MEX"]

1. d4 d5 2. c4 e6 3. Nf3 f5 4. g3 c6 5. Bg2 Nf6 6. O-O Bd6 7. b3 O-O 8. Bb2 Ne4
9. Nfd2 Bd7 10. Nxe4 fxe4 11. f3 exf3 12. exf3 Be8 13. Qe2 Bf7 14. f4 Nd7 15.
Nd2 Nf6 16. Nf3 Ne4 17. Ne5 Bxe5 18. dxe5 Bg6 19. Rad1 Qa5 20. Bd4 b5 21. Bh3
Rae8 22. cxd5 cxd5 23. Rc1 Qa6 24. a4 Qb7 25. axb5 Bf7 26. Rc6 Rc8 27. Rfc1 Kh8
28. Qc2 Rb8 29. Bf1 Qe7 30. Rc7 Qb4 31. Bxa7 Ra8 32. Be3 h6 33. b6 Ra3 34. b7
Kg8 35. Bc5 Nxc5 36. Qxc5 Rxb3 37. Qxb4 Rxb4 38. Ba6 1-0

[Event "Chess Olympiad 2008"]
[Site "Dresden"]
[Date "2008.11.17"]
[Round "5.9"]
[White "Kopinits, Anna-Christina"]
[Black "Kulovana, Eva"]
[Result "0-1"]
[WhiteElo "2270"]
[BlackElo "2286"]
[PlyCount "112"]
[EventDate "2008.??.??"]
[WhiteTeam "Rakousko"]
[BlackTeam "Èeská republika"]
[WhiteTeamCountry "AUT"]
[BlackTeamCountry "CZE"]

1. e4 e5 2. Nf3 Nc6 3. Nc3 Nf6 4. d4 exd4 5. Nxd4 Bb4 6. Nxc6 bxc6 7. Bd3 d5 8.
exd5 Qe7+ 9. Qe2 cxd5 10. O-O Qxe2 11. Nxe2 c5 12. c3 Ba5 13. b3 Bg4 14. f3 Bd7
15. Ba3 Rc8 16. Rfd1 O-O 17. Ba6 Rc7 18. c4 d4 19. Nf4 Re8 20. Nd3 Bc3 21. Rac1
Re2 22. Bxc5 Rxa2 23. Bb5 Bxb5 24. cxb5 Nd5 25. Nb4 Bxb4 26. Bxb4 Rxc1 27. Rxc1
h6 28. Bc5 Nc3 29. Kf1 Nxb5 30. Rd1 Rb2 31. Rd3 a6 32. Bxd4 Nxd4 33. Rxd4 Rxb3
34. Ra4 Rb6 35. Ra5 Kf8 36. h4 Ke7 37. Kf2 Kd7 38. g4 Kc7 39. Kg3 Rd6 40. Ra1
Kb6 41. Rb1+ Ka7 42. Ra1 Rd5 43. Kf4 a5 44. Re1 Rd7 45. g5 hxg5+ 46. Kxg5 Kb6
47. f4 a4 48. f5 a3 49. f6 Rd5+ 50. Kf4 g6 51. Ra1 Ra5 52. Ra2 Kc6 53. Ke4 Kd6
54. Kd4 Ke6 55. Kc4 Kxf6 56. Kb3 Kg7 0-1

[Event "Chess Olympiad 2008"]
[Site "Dresden"]
[Date "2008.11.17"]
[Round "5.9"]
[White "Mira, Helene"]
[Black "Pertlova, Sona"]
[Result "1-0"]
[WhiteElo "2115"]
[BlackElo "2239"]
[PlyCount "139"]
[EventDate "2008.??.??"]
[WhiteTeam "Rakousko"]
[BlackTeam "Èeská republika"]
[WhiteTeamCountry "AUT"]
[BlackTeamCountry "CZE"]

1. Nf3 Nf6 2. c4 e6 3. d4 b6 4. g3 Ba6 5. Qa4 Bb7 6. Bg2 c5 7. O-O Be7 8. Nc3
O-O 9. d5 exd5 10. Nh4 Bc6 11. Qb3 dxc4 12. Qxc4 Bxg2 13. Kxg2 d5 14. Qd3 d4
15. Nb5 a6 16. Na3 Qd5+ 17. Kg1 g6 18. Bf4 Nbd7 19. Nf3 Rfe8 20. b3 b5 21. Nc2
Nf8 22. b4 cxb4 23. Nfxd4 Rac8 24. Bd2 Red8 25. Rfd1 Ne6 26. Be1 a5 27. Nxe6
Qxe6 28. Nd4 Qc4 29. Qd2 Bc5 30. e3 Ne4 31. Qb2 Ng5 32. Nb3 Nf3+ 33. Kg2 Nxe1+
34. Rxe1 Qd5+ 35. Kg1 a4 36. Nxc5 Qxc5 37. Rab1 a3 38. Qxb4 Qxb4 39. Rxb4 Rd2
40. Rxb5 Rxa2 41. Rb4 Rb2 42. Ra4 a2 43. Rf1 Rcc2 44. Kg2 Kf8 45. g4 Ke7 46.
Kg3 Kd6 47. h4 Kc5 48. Ra7 Kc4 49. f3 Rb5 50. Rd1 Kc3 51. Rd4 Rb4 52. Rd6 Rb1
53. Rda6 Kb3 54. Ra3+ Kc4 55. Rxa2 Rxa2 56. Rxa2 Kd5 57. Kf4 Rh1 58. Ra6 Rxh4
59. Rf6 Rh3 60. Rxf7 h6 61. Rd7+ Ke6 62. Ra7 g5+ 63. Ke4 h5 64. Ra6+ Kf7 65.
gxh5 Rxh5 66. Kf5 Rh3 67. Ra7+ Kf8 68. Kg4 Rh1 69. Kxg5 Rf1 70. Kf4 1-0

[Event "Chess Olympiad 2008"]
[Site "Dresden"]
[Date "2008.11.17"]
[Round "5.9"]
[White "Richtrova, Eliska"]
[Black "Novkovic, Julia"]
[Result "0-1"]
[WhiteElo "2270"]
[BlackElo "2161"]
[PlyCount "94"]
[EventDate "2008.??.??"]
[WhiteTeam "Èeská republika"]
[BlackTeam "Rakousko"]
[WhiteTeamCountry "CZE"]
[BlackTeamCountry "AUT"]

1. Nf3 d5 2. g3 c5 3. Bg2 Nc6 4. O-O e5 5. d3 Nf6 6. Nbd2 Bd6 7. e4 dxe4 8.
dxe4 O-O 9. c3 Na5 10. Qe2 Qc7 11. b3 Bd7 12. Nh4 g6 13. Rd1 b5 14. Nf1 Bc6 15.
f3 Rfd8 16. Bh6 c4 17. b4 Nb7 18. Ne3 Bf8 19. Bxf8 Kxf8 20. a4 a5 21. axb5 Bxb5
22. Nd5 Nxd5 23. exd5 axb4 24. Rxa8 Rxa8 25. cxb4 Qb6+ 26. Kh1 f6 27. Qd2 Kg7
28. f4 exf4 29. Qxf4 Qd6 30. Nf3 Qxf4 31. gxf4 Ra4 32. Nd4 Rxb4 33. Kg1 Nd6 34.
Rc1 Kf7 35. Bf3 Bd7 36. Nc6 Rb3 37. Be2 c3 38. Bd1 Ra3 39. Nd4 Bf5 40. Bb3 Nb5
41. Nxb5 Rxb3 42. Nxc3 h5 43. Ne2 Rb7 44. Kf2 Ke7 45. Rc6 Bd7 46. Ra6 Rb2 47.
Ke3 Rxe2+ 0-1

[Event "Chess Olympiad 2008"]
[Site "Dresden"]
[Date "2008.11.19"]
[Round "6.15"]
[White "Nemcova, Katerina"]
[Black "Rojas, Montserrat"]
[Result "1-0"]
[WhiteElo "2369"]
[BlackElo "1689"]
[PlyCount "81"]
[EventDate "2008.??.??"]
[WhiteTeam "Èeská republika"]
[BlackTeam "Paraguay"]
[WhiteTeamCountry "CZE"]
[BlackTeamCountry "PAR"]

1. e4 c5 2. Nf3 d6 3. d4 cxd4 4. Nxd4 Nf6 5. Nc3 g6 6. Be3 Bg7 7. f3 Nc6 8. Qd2
O-O 9. O-O-O Nxd4 10. Bxd4 Qa5 11. Kb1 Be6 12. Nd5 Qxd2 13. Nxe7+ Kh8 14. Rxd2
Rfe8 15. Bxf6 Bxf6 16. Nd5 Bxd5 17. Rxd5 Red8 18. Bc4 Rac8 19. Bb3 Kg7 20. Rhd1
Be7 21. Ra5 a6 22. Bd5 Rc7 23. Rd3 Ra8 24. Rb3 Bd8 25. Ra4 Ra7 26. Rab4 b5 27.
a4 bxa4 28. Rxa4 a5 29. Rb8 Bf6 30. Rb5 Rc5 31. Rb6 Rd7 32. Ra6 Bd8 33. Rc4
Rxc4 34. Bxc4 Bc7 35. Bd5 Kf6 36. c3 Ke7 37. Bc6 Rd8 38. Bd5 f6 39. Kc2 Rb8 40.
b3 Rb6 41. Rxa5 1-0

[Event "Chess Olympiad 2008"]
[Site "Dresden"]
[Date "2008.11.20"]
[Round "7.17"]
[White "Ziogaite, Jovita"]
[Black "Richtrova, Eliska"]
[Result "0-1"]
[WhiteElo "2093"]
[BlackElo "2270"]
[PlyCount "82"]
[EventDate "2008.??.??"]
[WhiteTeam "Litva"]
[BlackTeam "Èeská republika"]
[WhiteTeamCountry "LTU"]
[BlackTeamCountry "CZE"]

1. e4 c6 2. d4 g6 3. Nc3 Bg7 4. Be3 d6 5. Qd2 b5 6. O-O-O Qa5 7. Kb1 b4 8. Nce2
Nd7 9. Nc1 Rb8 10. h4 h5 11. Nf3 Ngf6 12. Ng5 O-O 13. f3 c5 14. g4 cxd4 15.
Bxd4 Ne5 16. gxh5 Nxh5 17. f4 Nc6 18. Bxg7 Kxg7 19. Nb3 Qb6 20. Bc4 a5 21. Rhg1
a4 22. Nc1 Bd7 23. Nxf7 Rxf7 24. Rxg6+ Kxg6 25. f5+ Kh7 26. Bxf7 Be8 27. Bg6+
Bxg6 28. fxg6+ Kg7 29. Qg5 Rh8 30. Nd3 Qd4 31. Rf1 Nf6 32. Re1 Rh5 33. Qg3 Nxe4
34. Qg2 Rxh4 35. Rf1 b3 36. Rf7+ Kg8 37. g7 bxc2+ 38. Kc1 Rh1+ 39. Qxh1 Kxf7
40. Qh6 Qg1+ 41. Kxc2 Nd4# 0-1

[Event "Chess Olympiad 2008"]
[Site "Dresden"]
[Date "2008.11.21"]
[Round "8.12"]
[White "Amed, Stephanie"]
[Black "Richtrova, Eliska"]
[Result "1/2-1/2"]
[WhiteElo "2142"]
[BlackElo "2270"]
[PlyCount "120"]
[EventDate "2008.??.??"]
[WhiteTeam "Argentina"]
[BlackTeam "Èeská republika"]
[WhiteTeamCountry "ARG"]
[BlackTeamCountry "CZE"]

1. e4 c5 2. Nf3 Nc6 3. d4 cxd4 4. Nxd4 e5 5. Nb5 d6 6. N1c3 a6 7. Na3 b5 8. Nd5
Nge7 9. c4 b4 10. Nc2 Rb8 11. Bd3 Ng6 12. Nce3 a5 13. O-O Be7 14. g3 O-O 15.
Nf5 Bg5 16. f4 exf4 17. gxf4 Bf6 18. Bc2 Bxf5 19. exf5 Nh4 20. Be3 Bxb2 21. Rb1
Bf6 22. Bf2 Re8 23. Nxf6+ Qxf6 24. Qg4 Qc3 25. Ba4 Nf3+ 26. Kh1 Nfd4 27. Bxd4
Nxd4 28. Bxe8 Rxe8 29. Rbc1 Qd3 30. f6 Qe4+ 31. Qg2 Qxg2+ 32. Kxg2 gxf6 33.
Rfe1 Rc8 34. Re7 a4 35. Ra7 Ne2 36. Rc2 Nxf4+ 37. Kf3 Ne6 38. Rg2+ Ng5+ 39. Ke3
Rxc4 40. Rxa4 Kf8 41. Rb2 Rc3+ 42. Ke2 Rh3 43. Kf1 Ne6 44. Raxb4 Nc5 45. Re2 f5
46. Rf4 Ne6 47. Rb4 f4 48. Rd2 Ke7 49. Rb7+ Kf6 50. Rd7 Ng5 51. R7xd6+ Kf5 52.
R6d5+ Kg6 53. R5d3 f3 54. Rd6+ f6 55. R6d4 Kf5 56. a4 Ne4 57. Rb2 f2 58. Re2
Rh4 59. Rxf2+ Ke5 60. Rxe4+ Kxe4 1/2-1/2

[Event "Chess Olympiad 2008"]
[Site "Dresden"]
[Date "2008.11.21"]
[Round "8.12"]
[White "Jackova, Jana"]
[Black "Lujan, Carolina"]
[Result "1/2-1/2"]
[WhiteElo "2360"]
[BlackElo "2366"]
[PlyCount "62"]
[EventDate "2008.??.??"]
[WhiteTeam "Èeská republika"]
[BlackTeam "Argentina"]
[WhiteTeamCountry "CZE"]
[BlackTeamCountry "ARG"]

1. e4 c5 2. Nf3 Nc6 3. Bb5 e6 4. O-O Nge7 5. b3 e5 6. Nc3 d6 7. Nd5 Nxd5 8.
exd5 a6 9. Ba4 b5 10. dxc6 bxa4 11. Re1 Be7 12. c3 O-O 13. d4 exd4 14. cxd4 Bf6
15. Bb2 Bg4 16. h3 Bxf3 17. Qxf3 Rc8 18. Red1 d5 19. Rab1 axb3 20. axb3 Rxc6
21. dxc5 Rxc5 22. Ba3 Rc3 23. Qxd5 Qxd5 24. Rxd5 Rb8 25. Rd6 a5 26. Ra6 h6 27.
Rxa5 Rcxb3 28. Rxb3 Rxb3 29. Bc5 Be5 30. g3 Rc3 31. Kg2 Rc4 1/2-1/2

[Event "Chess Olympiad 2008"]
[Site "Dresden"]
[Date "2008.11.21"]
[Round "8.12"]
[White "Kulovana, Eva"]
[Black "Zuriel, Marisa"]
[Result "1/2-1/2"]
[WhiteElo "2286"]
[BlackElo "2189"]
[PlyCount "112"]
[EventDate "2008.??.??"]
[WhiteTeam "Èeská republika"]
[BlackTeam "Argentina"]
[WhiteTeamCountry "CZE"]
[BlackTeamCountry "ARG"]

1. e4 c5 2. Nf3 d6 3. d4 cxd4 4. Nxd4 Nf6 5. Nc3 a6 6. Be2 e6 7. O-O Be7 8. f4
Qc7 9. Kh1 O-O 10. Qe1 b5 11. Bf3 Bb7 12. e5 dxe5 13. fxe5 Nfd7 14. Bxb7 Qxb7
15. Qg3 Kh8 16. Bf4 b4 17. Nce2 Nc6 18. Qf3 Rac8 19. Rad1 Nb6 20. Bg3 Nd8 21.
Qf2 Nc4 22. b3 Na3 23. Rd2 Bc5 24. Qf4 Nc6 25. Qe4 Nd8 26. Qg4 Nc6 27. Nxc6
Qxc6 28. Bh4 Nb5 29. Ng3 Be3 30. Re2 Qc5 31. Ne4 Qa7 32. Be1 a5 33. Bf2 Bxf2
34. Rexf2 Qe7 35. Ng5 Kg8 36. Qh5 h6 37. Nxf7 Nd4 38. Qg6 Nf5 39. Nd6 Nxd6 40.
exd6 Qxd6 41. Rxf8+ Rxf8 42. Re1 Rf6 43. Qe4 Qb6 44. h3 Qc5 45. Rd1 Qf5 46.
Rd8+ Kh7 47. Qxf5+ Rxf5 48. Rc8 Rf1+ 49. Kh2 Ra1 50. Kg3 Rxa2 51. Rc6 a4 52.
bxa4 Rxa4 53. Rxe6 Ra3+ 54. Kf4 Rc3 55. Re2 b3 56. cxb3 Rxb3 1/2-1/2

[Event "Chess Olympiad 2008"]
[Site "Dresden"]
[Date "2008.11.22"]
[Round "9.21"]
[White "Beltz, Franziska"]
[Black "Richtrova, Eliska"]
[Result "1-0"]
[WhiteElo "2109"]
[BlackElo "2270"]
[PlyCount "71"]
[EventDate "2008.??.??"]
[WhiteTeam "Nìmecko"]
[BlackTeam "Èeská republika"]
[WhiteTeamCountry "GER"]
[BlackTeamCountry "CZE"]

1. e4 d6 2. d4 Nf6 3. Nc3 g6 4. Nf3 Bg7 5. h3 O-O 6. Bc4 Nxe4 7. Bxf7+ Rxf7 8.
Nxe4 h6 9. d5 c6 10. O-O Qa5 11. Nc3 cxd5 12. Nxd5 Nc6 13. c3 Bf5 14. Re1 Raf8
15. Nh4 Qb5 16. Nc7 Qb6 17. Nd5 Qd8 18. Nf4 g5 19. Nxf5 gxf4 20. Nxg7 Kxg7 21.
Re6 Ne5 22. Qh5 Rf6 23. Rxf6 Rxf6 24. Bd2 Qf8 25. b3 Rg6 26. c4 Rg5 27. Qd1 Qf5
28. Kh2 Qe4 29. f3 Qd4 30. Bb4 Nxf3+ 31. Qxf3 Qf6 32. Rf1 e5 33. Qxb7+ Kh8 34.
Qb8+ Rg8 35. Qxd6 Qg5 36. Qd2 1-0

[Event "Chess Olympiad 2008"]
[Site "Dresden"]
[Date "2008.11.22"]
[Round "9.21"]
[White "Kulovana, Eva"]
[Black "Steinbacher, Claudia"]
[Result "1-0"]
[WhiteElo "2286"]
[BlackElo "2203"]
[PlyCount "71"]
[EventDate "2008.??.??"]
[WhiteTeam "Èeská republika"]
[BlackTeam "Nìmecko"]
[WhiteTeamCountry "CZE"]
[BlackTeamCountry "GER"]

1. e4 d5 2. exd5 Qxd5 3. Nc3 Qd6 4. d4 Nf6 5. Nf3 c6 6. Ne5 Bf5 7. Bf4 Qb4 8.
Nc4 Ne4 9. a3 Nxc3 10. axb4 Nxd1 11. Nb6 Bxc2 12. Nxa8 e5 13. Bd2 exd4 14. Rxa7
Bd6 15. Be2 Nxb2 16. O-O d3 17. Bf3 O-O 18. Rxb7 Nc4 19. Bc3 Na6 20. Nb6 Na3
21. Nd7 Rc8 22. Ra1 Nb1 23. Be5 Bxe5 24. Nxe5 f6 25. Nxc6 Re8 26. Re7 Rxe7 27.
Nxe7+ Kf7 28. Nc6 d2 29. Rxa6 Be4 30. Bd1 Nc3 31. Bb3+ Ke8 32. Nd4 Bd5 33. Bc2
Be4 34. Re6+ Kd7 35. Rxe4 Nxe4 36. Nb3 1-0

[Event "Chess Olympiad 2008"]
[Site "Dresden"]
[Date "2008.11.22"]
[Round "9.21"]
[White "Winkelmann, Elena"]
[Black "Jackova, Jana"]
[Result "1/2-1/2"]
[WhiteElo "2096"]
[BlackElo "2360"]
[PlyCount "100"]
[EventDate "2008.??.??"]
[WhiteTeam "Nìmecko"]
[BlackTeam "Èeská republika"]
[WhiteTeamCountry "GER"]
[BlackTeamCountry "CZE"]

1. d4 Nf6 2. c4 e6 3. Nf3 b6 4. g3 Ba6 5. Nbd2 Bb4 6. Qc2 Bb7 7. Bg2 c5 8. O-O
cxd4 9. Nxd4 Bxg2 10. Kxg2 Qc8 11. e4 Qb7 12. f3 O-O 13. a3 Be7 14. N2b3 d6 15.
Bg5 Nbd7 16. Qe2 h6 17. Bxf6 Nxf6 18. Rad1 Rac8 19. Rfe1 Rfd8 20. f4 Bf8 21.
Nd2 e5 22. Nb5 exf4 23. gxf4 Rc5 24. Nc3 Re8 25. Qf3 Qc8 26. Nd5 Nxd5 27. exd5
Rxe1 28. Rxe1 b5 29. b3 bxc4 30. bxc4 Rc7 31. f5 Be7 32. Qe4 Qa6 33. Rb1 Rb7
34. Rxb7 Qxb7 35. Qb1 Qc8 36. Qc2 Bg5 37. Nf3 Bf6 38. Qe4 Kh7 39. Kg3 Qb8 40.
Qe3 a6 41. a4 Qb4 42. Qf4 Kg8 43. h3 Kf8 44. Qc1 Ke8 45. Qe1+ Qxe1+ 46. Nxe1
Kd7 47. Nd3 Kc7 48. c5 Be7 49. c6 Bd8 50. Nc1 Kb6 1/2-1/2